[Event "ICS rated blitz match"]
[Site "207.99.83.227"]
[Date "1999.04.28"]
[Round "?"]
[White "guoyu"]
[Black "Hossa"]
[Result "0-1"]
[WhiteElo "2419"]
[BlackElo "2449"]
[PlyCount "60"]

1. d4 d5 2. c4 dxc4 3. Nc3 e5 4. d5 Bd7 5. a4 Bb4 6. e4 Qh4 7. Qc2 Bxc3+ 8.
bxc3 Nf6 9. Bxc4 Qxe4+ 10. Qxe4 Nxe4 11. Ne2 Nd6 12. Bd3 Bf5 13. Bxf5 Nxf5 14.
O-O Nd7 15. Ba3 Nb6 16. Rfd1 O-O-O 17. Bc5 Rxd5 18. Rxd5 Nxd5 19. Bxa7 Rd8 20.
a5 Nd6 21. f3 Nb5 22. Bf2 Ndxc3 23. Nxc3 Nxc3 24. g3 Rd1+ 25. Rxd1 Nxd1 26. Be1
f5 27. Kf1 Ne3+ 28. Ke2 Nd5 29. Kd3 Kd7 30. Kc4 30... Kd6 {guoyu resigns} 0-1

[Event "ICS rated blitz match"]
[Site "207.99.83.227"]
[Date "1999.04.28"]
[Round "?"]
[White "Hossa"]
[Black "fafonchio"]
[Result "0-1"]
[WhiteElo "2464"]
[BlackElo "2121"]
[Annotator "Crafty v16.6"]
[PlyCount "72"]

{annotating for player ossa using a scoring margin of +0.10 pawns. search time
limit is 10.00} 1. c4 1... e6 2. Nc3 d5 3. cxd5 exd5 4. e3 c5 5. Bb5+ Nc6 6. e4
({8:+0.00} 6. e4 6... a6 7. Bxc6+ bxc6 8. exd5 cxd5 9. Nf3 Qe7+ 10. Ne2 Bg4 11.
Qa4+ Bd7 12. Qf4 $10) ({8:+0.48} 6. Qa4 6... Nge7 7. Nf3 Be6 8. O-O a6 9. Be2
9... Bf5 $14) 6... Nf6 7. exd5 Nxd5 8. Bxc6+ ({8:+0.00} 8. Bxc6+ 8... bxc6 9.
Nge2 Be7 10. Qa4 Bb7 11. Nxd5 Qxd5 12. O-O O-O 13. Qf4 $10) ({8:+0.14} 8. Nf3
8... Nxc3 9. bxc3 Bd6 10. Bxc6+ bxc6 11. O-O O-O 12. Re1 Bg4 13. Rb1 $10) 8...
bxc6 9. Nge2 Be7 10. O-O O-O 11. Re1 Re8 12. Qa4 ({8:-0.52} 12. Qa4 12... Nb4
13. Ng3 Nd3 14. Re2 Bb7 15. Qe4 15... Qd4 $15) ({8:-0.38} 12. Ng3 12... Nb4 13.
Re3 Nd3 14. Qe2 c4 15. Re4 15... Be6 $15) 12... Nb4 13. Ng3 Ba6 14. Nf5 Bd3 15.
Nxe7+ Rxe7 16. Rxe7 Qxe7 17. Qd1 Re8 18. f3 Nc2 19. Rb1 Qh4 20. Ne4 f5 21. g3
Qd8 22. b3 fxe4 23. Bb2 Qd5 24. f4 e3 25. Qg4 g6 26. Be5 e2 27. a3 e1=Q+ 28.
Rxe1 Nxe1 29. Qh3 Nf3+ 30. Kf2 Be4 31. Bc3 Qd3 32. Qh6 Nd4 33. Qh5 gxh5 34.
Bxd4 Qf3+ 35. Ke1 Bd3+ 36. Be5 Qe2# 0-1

[Event "ICS rated blitz match"]
[Site "207.99.83.227"]
[Date "1999.04.28"]
[Round "?"]
[White "fafonchio"]
[Black "Hossa"]
[Result "1/2-1/2"]
[WhiteElo "2140"]
[BlackElo "2436"]
[PlyCount "186"]

1. d4 Nf6 2. Bg5 h6 3. Bxf6 exf6 4. g3 d5 5. Bg2 Be6 6. c4 Bb4+ 7. Nc3 Nc6 8.
Qa4 O-O 9. Nf3 dxc4 10. O-O a5 11. a3 Bxc3 12. bxc3 Bd5 13. Rab1 Rb8 14. Rfe1
f5 15. Nh4 Bxg2 16. Nxg2 Qe7 17. Nf4 Qe4 18. Qxc4 Rbc8 19. Rxb7 Nxd4 20. Rxc7
Nxe2+ 21. Rxe2 Qxc4 22. Rxc4 Rxc4 23. Re5 Ra4 24. Rxf5 Rxa3 25. Rc5 Ra2 26. Nd5
Re8 27. Ne3 a4 28. Ra5 Kh7 29. c4 Re6 30. c5 h5 31. h4 g6 32. Kf1 Re5 33. Kg1
Kh6 34. Kf1 f6 35. Kg1 f5 36. Kf1 Re6 37. Kg1 a3 38. Nc4 Re1+ 39. Kg2 Rc1 40.
Nxa3 Rc3 41. Nc4 Rxa5 42. Nxa5 Rxc5 43. Nb3 Rd5 44. Nc1 Rd2 45. Nb3 Rd7 46. Nc1
Kg7 47. Ne2 Kf7 48. Nf4 Rd6 49. Kf3 Ke7 50. Ke3 Kd8 51. Kf3 Kc7 52. Ke3 Kb6 53.
Kf3 Kc5 54. Ke3 Kc4 55. Ng2 Kb3 56. Nf4 Kc3 57. Ng2 Kc4 58. Nf4 Rb6 59. Ng2 Kc5
60. Nf4 Rf6 61. Ng2 Kd5 62. Nf4+ Kc4 63. Ng2 Kc5 64. Nf4 Ra6 65. Ng2 Kb5 66.
Nf4 Rd6 67. Ng2 Kc6 68. Nf4 Kd7 69. Ng2 Rf6 70. Nf4 Rb6 71. Ng2 Kc7 72. Nf4 Rd6
73. Ng2 Kb7 74. Nf4 Ka6 75. Ng2 Ka7 76. Nf4 Kb7 77. Ng2 Kb6 78. Kf3 Ka7 79. Nf4
Ka6 80. Ng2 Ka5 81. Kf4 Rd2 82. Kf3 Kb4 83. Nf4 Rd6 84. Ng2 Ka4 85. Ke3 Ka3 86.
Kf4 Rd2 87. Ke3 Rd1 88. Nf4 Rd6 89. Kf3 Kb2 90. Ke3 Kc2 91. Ng2 Kc3 92. Nf4 Kb3
93. Ng2 93... Kc2 {Game drawn by the 50 move rule} 1/2-1/2

[Event "ICS rated blitz match"]
[Site "207.99.83.227"]
[Date "1999.04.28"]
[Round "?"]
[White "Hossa"]
[Black "SuperChicken"]
[Result "1-0"]
[WhiteElo "2425"]
[BlackElo "2720"]
[PlyCount "122"]

1. d4 d5 2. c4 e6 3. cxd5 exd5 4. Nf3 c6 5. e3 Bf5 6. Nbd2 Bd6 7. Qb3 Qe7 8.
Nh4 Be6 9. Bd3 Nh6 10. Nhf3 O-O 11. O-O Rc8 12. Qc2 c5 13. Bxh7+ Kh8 14. dxc5
Rxc5 15. Qb1 g6 16. Bxg6 fxg6 17. Qxg6 Ng4 18. b4 Rxc1 19. Raxc1 Nd7 20. h3
Ngf6 21. Ng5 Bxb4 22. Ndf3 Bg8 23. Qh6+ Bh7 24. Rc7 Rg8 25. Rxb7 Rg6 26. Qh4
Bc5 27. Nd4 Rg8 28. Nde6 Bd6 29. Rxa7 Rc8 30. Qh6 Rg8 31. Rc1 Be5 32. a4 Re8
33. a5 Kg8 34. Nxh7 Qxh7 35. Qxh7+ Kxh7 36. Nc5 Rc8 37. Nd3 Rxc1+ 38. Nxc1 Kg6
39. a6 Nb6 40. Rb7 Nc8 41. Nd3 Bd6 42. a7 Nxa7 43. Rxa7 Kf5 44. Ra6 Ne8 45. Kf1
Ke6 46. g4 Nc7 47. Nf4+ Kd7 48. Rxd6+ Kxd6 49. g5 Ne8 50. g6 Ke5 51. h4 Kf5 52.
Kg2 Ng7 53. Kg3 Ne8 54. f3 Ng7 55. e4+ dxe4 56. fxe4+ Kxe4 57. Kg4 Nf5 58. Kg5
Nd4 59. g7 Nf3+ 60. Kf6 Nxh4 61. g8=Q 61... Nf3 {SuperChicken resigns} 1-0

[Event "ICS rated blitz match"]
[Site "207.99.83.227"]
[Date "1999.04.28"]
[Round "?"]
[White "Hossa"]
[Black "JudgeTurpin"]
[Result "0-1"]
[WhiteElo "2444"]
[BlackElo "2531"]
[Annotator "Crafty v16.6"]
[PlyCount "114"]

{annotating for player ossa using a scoring margin of +0.10 pawns. search time
limit is 10.00} 1. Nf3 1... Nf6 2. d4 e6 3. Bf4 ({8:-0.53} 3. Bf4 3... Bb4+ 4.
Nc3 O-O 5. Qd3 Nd5 6. Bg5 Qe8 7. Ne5 Nxc3 8. bxc3 $15) ({8:-0.30} 3. e3 3...
Nc6 4. Nbd2 Bb4 5. Bd3 O-O 6. O-O 6... Ng4 $10) 3... c5 4. e3 ({8:-0.28} 4. e3
4... Qb6 5. Qc1 Nd5 6. Bxb8 Rxb8 7. Bc4 Qb4+ 8. Nbd2 8... Nb6 $10) ({8:+0.08} 
4. Nc3 4... Nh5 5. Bc1 Nc6 6. d5 Nb4 7. dxe6 dxe6 8. Bg5 Qxd1+ 9. Kxd1 $10)
4... cxd4 5. exd4 b6 6. Bd3 Ba6 7. Bxa6 ({9:+0.45} 7. Bxa6 7... Nxa6 8. Qe2 Nb4
9. Be5 Nfd5 10. O-O d6 11. Bg3 11... Be7 $14) ({9:+0.64} 7. O-O 7... Be7 8. Nc3
O-O 9. Re1 Nh5 10. Be5 Bxd3 11. Qxd3 11... Nc6 $14) 7... Nxa6 8. Qe2 Nb4 9. c4
d5 10. O-O dxc4 11. Qxc4 Rc8 12. Qb5+ Qd7 13. Nc3 Qxb5 14. Nxb5 Nd3 15. Nxa7
Rc2 16. Ne1 Nxe1 17. Rfxe1 Rxb2 18. Reb1 Rxb1+ 19. Rxb1 Nd5 20. Bb8 Kd7 21. Nb5
Be7 22. Be5 Ra8 23. Bxg7 Rxa2 24. f4 Kc6 25. Be5 f6 26. Bb8 Ra8 27. Nc7 Rxb8
28. Nxe6 f5 29. Ng7 Nxf4 30. Nxf5 Bf6 31. Kf2 Kd5 32. Rd1 Rf8 33. Kf3 Ng6 34.
Ne3+ Kc6 35. Ke4 Re8+ 36. Kf3 Nh4+ 37. Kf2 Re4 38. d5+ Kd6 39. g3 Bg5 40. Nc2
Nf5 41. Rd3 Ke5 42. h3 Be7 43. Kf1 Bc5 44. g4 Rc4 45. gxf5 Rxc2 46. Ke1 Ke4 47.
Rb3 Kxd5 48. Rd3+ Ke5 49. Rd7 h6 50. Rh7 Bb4+ 51. Kf1 Ke4 52. Rxh6 Kf3 53. Kg1
Bc5+ 54. Kh1 Rc1+ 55. Kh2 Bg1+ 56. Kh1 Be3+ 57. Kh2 Bf4# 0-1

[Event "ICS Rated blitz match"]
[Site "207.99.83.227"]
[Date "1999.04.28"]
[Round "?"]
[White "JudgeTurpin"]
[Black "Hossa"]
[Result "1-0"]
[WhiteElo "2543"]
[BlackElo "2432"]
[Annotator "Crafty v16.6"]
[PlyCount "104"]

{annotating for player ossa using a scoring margin of +0.10 pawns. search time
limit is 10.00} 1. e4 1... e5 2. Bc4 Nf6 3. d3 Nc6 4. Nc3 Na5 5. Nge2 Nxc4 6.
dxc4 d6 ({9:-0.09} 6... d6 7. Bg5 Be7 8. Qd3 O-O 9. O-O-O Bg4 10. Kb1 10... Qd7
$10) ({9:+0.08} 6... Bc5 7. Ng3 Bd4 8. Nge2 Bb6 9. O-O O-O 10. Bg5 10... Bc5
$10) 7. O-O Be7 8. Qd3 O-O 9. Bd2 Nd7 10. Be3 c6 ({9:-0.16} 10... c6 11. Ng3
Nf6 12. Bg5 Bg4 13. Nf5 Bxf5 14. exf5 Ng4 15. Be3 $10) ({9:-0.05} 10... Nf6 11.
Bg5 Bg4 12. Ng3 Qd7 13. Nf5 Bxf5 14. exf5 Ng4 15. Ne4 Bxg5 16. Nxg5 $10) 11.
Rad1 Qe8 ({9:-0.40} 11... Qe8 12. Ng3 Nb6 13. Nf5 Be6 14. Nxd6 Bxd6 15. Bxb6
axb6 16. Qxd6 16... Bxc4 $14) ({9:-0.12} 11... Nb6 12. Ng3 Be6 13. b3 Bg4 14.
f3 Be6 15. Nf5 Bxf5 16. exf5 $10) 12. f4 Qd8 13. g3 Qa5 14. Qd2 Qc7 15. Kg2 Nb6
16. b3 Qd7 17. fxe5 Qh3+ 18. Kh1 dxe5 19. Ng1 Qh5 20. c5 Nd7 21. Rf5 Qg6 22.
Nf3 f6 23. Nh4 Qe8 24. b4 g5 25. Ng2 Nxc5 26. Bxc5 Bxc5 27. bxc5 Bxf5 28. exf5
Qh5 29. Ne4 Rf7 30. Rb1 Rb8 31. Qd6 Rbf8 32. Qd3 Re7 33. Nd6 Rb8 34. Qb3+ Kh8
35. Qa4 a6 36. Qe4 Qh3 37. Ne3 h5 38. Qf3 Rh7 39. Ne4 h4 40. Nf2 Qxg3 41. hxg3
hxg3+ 42. Kg1 gxf2+ 43. Kxf2 Rf8 44. Nc4 Rg8 45. Nd6 Rgg7 46. Ne8 Rf7 47. Qb3
Rh2+ 48. Kg1 Rfh7 49. Nxf6 Rh1+ 50. Kf2 R1h2+ 51. Ke1 Rh1+ 52. Kd2 R1h2+ 1-0

[Event "ICS Rated blitz match"]
[Site "207.99.83.227"]
[Date "1999.04.28"]
[Round "?"]
[White "Hossa"]
[Black "Data"]
[Result "0-1"]
[WhiteElo "2396"]
[BlackElo "2892"]
[PlyCount "64"]

1. e4 c5 2. Nf3 Nc6 3. d4 cxd4 4. Nxd4 g6 5. Nxc6 bxc6 6. Bd3 Bg7 7. O-O Nf6 8.
Be3 d5 9. Nd2 Ng4 10. exd5 Bxb2 11. Rb1 Be5 12. dxc6 Bxh2+ 13. Kh1 Nxe3 14.
fxe3 Bc7 15. Bc4 O-O 16. Nf3 Qe8 17. Ng5 e6 18. Qg4 Qxc6 19. Qh4 h5 20. Rf3 Bb7
21. Rd1 Qa4 22. Ne4 Qxc2 23. Nf6+ Kg7 24. Bb3 Qb2 25. Rf2 Qe5 26. Rd7 Bc6 27.
Rxc7 Qxc7 28. Qg5 Rh8 29. e4 Rab8 30. Rf4 Rb5 31. Qg3 Qe5 32. Qe3 32... g5 {
Hossa resigns} 0-1

[Event "ICS Rated blitz match"]
[Site "207.99.83.227"]
[Date "1999.04.28"]
[Round "?"]
[White "Amateur"]
[Black "Hossa"]
[Result "0-1"]
[WhiteElo "2489"]
[BlackElo "2394"]
[PlyCount "172"]

1. e4 c5 2. Nf3 d6 3. d4 cxd4 4. Nxd4 Nf6 5. Nc3 e6 6. Be2 Be7 7. O-O O-O 8.
Be3 Nbd7 9. Ndb5 Nc5 10. Bf3 a6 11. Na3 Qc7 12. Qe2 Nfd7 13. b4 Bf6 14. bxc5
Bxc3 15. cxd6 Qxd6 16. Nc4 Qc7 17. Rac1 b5 18. Bd2 Bd4 19. Ne3 Ne5 20. c3 Nxf3+
21. Qxf3 Ba7 22. c4 Bb8 23. Qh3 Qf4 24. Bb4 Rd8 25. Rfd1 Re8 26. cxb5 axb5 27.
Rd2 Qxe4 28. Bc5 Bc7 29. Rd4 Qe5 30. a3 Ra4 31. Rb4 Rxb4 32. Bxb4 Rd8 33. Rc5
Qa1+ 34. Nf1 Rd1 35. g4 Rd7 36. Qf3 Qf6 37. Qxf6 gxf6 38. h3 Ba6 39. Rc6 Bb7
40. Rc5 Bf3 41. Rxb5 Rd1 42. Rc5 Bf4 43. Rc4 e5 44. Rc8+ Kg7 45. Bf8+ Kg6 46.
Be7 h6 47. Rg8+ Kh7 48. Rf8 Be2 49. Rxf7+ Kg8 50. Rf8+ Kg7 51. Rd8 Rxf1+ 52.
Kg2 Ra1 53. Bf8+ Kf7 54. Bd6 Bb5 55. Rc8 Bf1+ 56. Kf3 Bxh3 57. Rc7+ Kg6 58. Bf8
f5 59. gxf5+ Bxf5 60. Bb4 h5 61. Rc6+ Kf7 62. Rc7+ Ke6 63. Rc6+ Kd7 64. Rd6+
Kc7 65. Rf6 Bd3 66. Rf8 Bb5 67. Rf7+ Kb6 68. Rf5 Ra2 69. Kg2 Bc6+ 70. Kf1 Bf3
71. Bc3 Bg4 72. Rf6+ Kb5 73. Rd6 Be2+ 74. Kg1 Bf3 75. Re6 Kc4 76. Be1 Ra1 77.
Kf1 Be4 78. f3 Bxf3 79. Rg6 Kd3 80. a4 e4 81. a5 h4 82. Rg8 Bg3 83. Rxg3 hxg3
84. a6 e3 85. a7 e2+ 86. Kg1 86... Rxe1# {Amateur checkmated} 0-1

[Event "ICS Rated blitz match"]
[Site "207.99.83.227"]
[Date "1999.04.28"]
[Round "?"]
[White "Hossa"]
[Black "Amateur"]
[Result "0-1"]
[WhiteElo "2405"]
[BlackElo "2469"]
[Annotator "Crafty v16.6"]
[PlyCount "126"]

{annotating for player ossa using a scoring margin of +0.10 pawns. search time
limit is 10.00} 1. d4 1... Nf6 2. c4 e6 3. Nf3 b6 4. e3 Bb7 5. Bd3 Be7 6. O-O
O-O 7. Nc3 Nc6 8. e4 ({7:-0.19} 8. e4 8... Nb4 9. d5 Nxd3 10. Qxd3 Bb4 11. Bg5
Qe7 12. dxe6 12... Qxe6 $10) ({7:-0.04} 8. a3 8... Qe8 9. e4 Ng4 10. Ng5 Nh6
11. Nb5 $10) 8... d6 9. a3 ({8:+0.02} 9. a3 9... Qd7 10. e5 Ne8 11. exd6 Nxd6
12. Bf4 Nf5 13. d5 $10) ({8:+0.22} 9. d5 9... exd5 10. Nxd5 Ne5 11. Nxe5 dxe5
12. Be3 Qd7 13. Nxe7+ Qxe7 14. Qf3 14... Rad8 $10) 9... Nd7 10. Be3 Bf6 11. Qe2
e5 12. d5 Ne7 13. Ng5 Nc5 14. Bxc5 dxc5 15. Qh5 h6 16. Nf3 Ng6 17. Ne2 Qe7 18.
a4 Bc8 19. a5 Bd7 20. Ra2 Rfb8 21. Rfa1 a6 22. axb6 Rxb6 23. Bc2 Qf8 24. b3 Nf4
25. Nxf4 exf4 26. e5 g6 27. Bxg6 fxg6 28. Qxg6+ Bg7 29. Qd3 Bg4 30. Re1 Qf5 31.
Qxf5 Bxf5 32. Ra3 Re8 33. Kh1 Bg4 34. e6 Bb2 35. Ra2 Rxb3 36. Rb1 Reb8 37. Rxa6
Bxf3 38. gxf3 Kf8 39. Rc6 Be5 40. Rxb3 Rxb3 41. e7+ Ke8 42. Rxh6 Bd6 43. Re6
Rxf3 44. Kg2 Rc3 45. Re4 f3+ 46. Kh3 Rc2 47. Kg4 Rxf2 48. h3 Rf1 49. Re6 Bh2
50. h4 f2 51. Kf3 Bg1 52. Kg2 Rc1 53. Rf6 Rxc4 54. Rc6 Rxh4 55. Rxc7 Rg4+ 56.
Kf1 Rb4 57. Rc8+ Kxe7 58. Kg2 Rb1 59. Kg3 f1=Q 60. Rh8 Qf2+ 61. Kh3 Rb3+ 62.
Kg4 Rg3+ 63. Kh5 Qh2# 0-1

[Event "ICS Rated blitz match"]
[Site "207.99.83.227"]
[Date "1999.04.28"]
[Round "?"]
[White "ducy"]
[Black "Hossa"]
[Result "0-1"]
[WhiteElo "2074"]
[BlackElo "2392"]
[PlyCount "48"]

1. d4 e6 2. c4 d5 3. Nc3 Bb4 4. a3 Bxc3+ 5. bxc3 Nf6 6. Bg5 c6 7. e3 Qa5 8.
Bxf6 Qxc3+ 9. Ke2 gxf6 10. c5 e5 11. Nf3 Bg4 12. h3 Qb2+ 13. Ke1 Bxf3 14. gxf3
Qc3+ 15. Ke2 Nd7 16. h4 O-O-O 17. Bh3 Rhe8 18. Kf1 Rg8 19. Rc1 Qxa3 20. Ra1 Qc3
21. Rxa7 Kb8 22. Qa1 exd4 23. exd4 Qd3+ 24. Ke1 24... Rde8+ {ducy resigns} 0-1

[Event "ICS Rated blitz match"]
[Site "207.99.83.227"]
[Date "1999.04.28"]
[Round "?"]
[White "cstalx"]
[Black "Hossa"]
[Result "1-0"]
[WhiteElo "2615"]
[BlackElo "2389"]
[Annotator "Crafty v16.6"]
[PlyCount "79"]

{annotating for player ossa using a scoring margin of +0.10 pawns. search time
limit is 10.00} 1. e4 1... e5 2. Nf3 Nc6 3. Bb5 a6 4. Ba4 Nf6 5. O-O b5 6. Bb3
Bc5 7. c3 Nxe4 ({8:-0.46} 7... Nxe4 8. Qe2 Bxf2+ 9. Kh1 d5 10. d3 Ng3+ 11. hxg3
Bxg3 12. Bg5 12... Qd6 $14) ({8:-0.18} 7... O-O 8. d4 exd4 9. e5 Ng4 10. cxd4
Bb4 11. Nc3 $10) 8. d4 exd4 9. cxd4 Be7 10. d5 Na5 11. Bc2 Nf6 12. Bg5 Nc4 13.
b3 Nd6 14. Re1 Kf8 15. Qd4 h6 16. Bh4 Rb8 17. Bd3 Nxd5 18. Nc3 Nf6 19. Rac1 b4
20. Rxe7 Qxe7 21. Nd5 Nb5 22. Bxb5 Qd6 23. Bxf6 gxf6 24. Bf1 c6 25. Nxf6 Qxd4
26. Nxd4 Kg7 27. Ne4 Kg6 28. Nd6 Bb7 29. Rc5 Kg7 30. N4f5+ Kg6 31. Bc4 Rhf8 32.
Re5 Kf6 33. f4 h5 34. Ng3 Kg6 35. Rxh5 Kf6 36. Ngf5 Rg8 37. Ne4+ Kg6 38. Rg5+
Kh7 39. Nf6+ Kh8 40. Rh5# 1-0

[Event "ICS rated blitz match"]
[Site "207.99.83.227"]
[Date "1999.04.28"]
[Round "?"]
[White "Hossa"]
[Black "Kvinto"]
[Result "1-0"]
[WhiteElo "2382"]
[BlackElo "2024"]
[PlyCount "37"]

1. d3 Nf6 2. e4 e5 3. Nf3 Nc6 4. Be2 d6 5. O-O Be7 6. Nc3 O-O 7. d4 exd4 8.
Nxd4 Nxd4 9. Qxd4 Be6 10. Bf3 c6 11. e5 dxe5 12. Qxe5 Bd6 13. Qe3 Qc7 14. h3
Rfe8 15. Qg5 h6 16. Qh4 Rad8 17. Bxh6 gxh6 18. Qxf6 Qe7 19. Qxh6 {
Kvinto resigns} 1-0

[Event "ICS rated blitz match"]
[Site "207.99.83.227"]
[Date "1999.04.28"]
[Round "?"]
[White "Hossa"]
[Black "JenMan"]
[Result "1-0"]
[WhiteElo "2386"]
[BlackElo "2076"]
[PlyCount "77"]

1. d3 d5 2. Nf3 c6 3. Nbd2 Bf5 4. e4 Bg6 5. Be2 e6 6. Ne5 Nd7 7. Nxg6 hxg6 8.
Nf3 Bd6 9. Bd2 Qc7 10. exd5 cxd5 11. Be3 Ngf6 12. h3 Ne5 13. Nxe5 Bxe5 14. d4
Bd6 15. Bb5+ Nd7 16. Qd2 a6 17. Bd3 b5 18. O-O Nb6 19. Rae1 Nc4 20. Qc3 O-O 21.
Bc1 Rfc8 22. Be2 a5 23. Qf3 Be7 24. Qg4 Nd6 25. Bd3 b4 26. h4 Qd8 27. h5 g5 28.
h6 g6 29. f4 Nf5 30. fxg5 Kh7 31. Rf3 Qb6 32. Be3 Ra7 33. Bxf5 exf5 34. Rxf5
Bf8 35. Rxf7+ Rxf7 36. Qxc8 Qc7 37. Qxc7 Rxc7 38. Rf1 Bd6 39. Rf6 {
JenMan resigns} 1-0

[Event "ICS rated blitz match"]
[Site "207.99.83.227"]
[Date "1999.04.28"]
[Round "?"]
[White "Soenke"]
[Black "Hossa"]
[Result "1/2-1/2"]
[WhiteElo "2198"]
[BlackElo "2391"]
[PlyCount "148"]

1. e4 c5 2. Nf3 d6 3. d4 cxd4 4. Nxd4 Nf6 5. Nc3 e6 6. Bg5 Be7 7. Qd2 O-O 8.
O-O-O h6 9. Bxf6 Bxf6 10. Ndb5 d5 11. exd5 a6 12. Na3 Bxc3 13. Qxc3 exd5 14.
Qd2 Nc6 15. Qxd5 Qxd5 16. Rxd5 Be6 17. Rd2 Nb4 18. c3 Nxa2+ 19. Kb1 Rac8 20.
Bd3 Rfd8 21. Rhd1 Kf8 22. Ka1 Bb3 23. Bc2 Rxd2 24. Rxd2 Be6 25. Rd1 g5 26. Bb1
Nxc3 27. bxc3 Rxc3 28. Nc2 Rc5 29. Ne3 Ke8 30. Ba2 Ra5 31. Rd2 b6 32. Kb1 Bf5+
33. Kc1 Kf8 34. Nxf5 Rxf5 35. f3 Rc5+ 36. Kb2 Ke7 37. Re2+ Kf8 38. Rc2 Re5 39.
Kc3 Rc5+ 40. Kd3 Ra5 41. Ke4 f5+ 42. Kd4 Ke7 43. Bd5 Rb5 44. Ke5 Kd7 45. Rc6 h5
46. Rh6 Rb2 47. Rh7+ Ke8 48. Be6 Rxg2 49. Kf6 Kd8 50. Rd7+ Kc8 51. Rd2+ Kc7 52.
Rxg2 g4 53. Kxf5 gxf3 54. Rf2 b5 55. Rxf3 a5 56. Ke5 b4 57. Rd3 Kb6 58. Kd5 a4
59. Kc4 b3 60. Kb4 b2 61. Rd1 h4 62. Kxa4 Kc5 63. Rb1 Kd6 64. Rxb2 Ke7 65. Rb5
Kf6 66. Rh5 Kg6 67. Rxh4 Kg5 68. Rg4+ Kf6 69. h4 Ke5 70. h5 Kf6 71. h6 Ke5 72.
h7 Kf6 73. h8=Q+ Ke7 74. Qh7+ 74... Kf6 {
Soenke ran out of time and Hossa has no material to mate} 1/2-1/2

[Event "ICS Rated blitz match"]
[Site "207.99.83.227"]
[Date "1999.04.28"]
[Round "?"]
[White "Hossa"]
[Black "salsero"]
[Result "1-0"]
[WhiteElo "2383"]
[BlackElo "2200"]
[PlyCount "55"]

1. d3 Nf6 2. e4 Nc6 3. Be2 g6 4. Nf3 d6 5. Nc3 Bg7 6. O-O O-O 7. Bg5 h6 8. Bd2
Kh7 9. d4 Ng8 10. d5 Nb8 11. Be3 c5 12. Qd3 Nd7 13. Qd2 a6 14. Rae1 b5 15. a3
f5 16. exf5 Rxf5 17. Bd3 Rf8 18. Bf4 Rf7 19. Nh4 Nf8 20. Qe3 Ra7 21. Qg3 Bf5
22. Nxf5 gxf5 23. Qh3 Qc8 24. Ne4 Kg6 25. Re3 Qe8 26. Nxd6 Qd7 27. Re6+ Rf6 28.
Qxf5# {salsero checkmated} 1-0

[Event "ICS rated blitz match"]
[Site "207.99.83.227"]
[Date "1999.04.28"]
[Round "?"]
[White "salsero"]
[Black "Hossa"]
[Result "0-1"]
[WhiteElo "2122"]
[BlackElo "2383"]
[PlyCount "48"]

1. Nf3 d5 2. c4 e6 3. b3 Nf6 4. Bb2 dxc4 5. bxc4 Nc6 6. g3 Bd6 7. Bg2 e5 8. d3
O-O 9. O-O e4 10. Ng5 exd3 11. exd3 Be5 12. Qc1 Qxd3 13. Nd2 Nd4 14. Bxd4 Bxd4
15. Rb1 Qf5 16. Nge4 Ng4 17. Bf3 Qh5 18. h4 Re8 19. Kg2 Qg6 20. Rb5 Ne5 21. Be2
c6 22. Rb3 Bf5 23. Ng5 Nd3 24. Qa3 24... Rxe2 {salsero resigns} 0-1

[Event "ICS rated blitz match"]
[Site "207.99.83.227"]
[Date "1999.04.28"]
[Round "?"]
[White "Hossa"]
[Black "xypher"]
[Result "0-1"]
[WhiteElo "2384"]
[BlackElo "2711"]
[Annotator "Crafty v16.6"]
[PlyCount "81"]

{annotating for player ossa using a scoring margin of +0.10 pawns. search time
limit is 10.00} 1. d3 1... e5 2. Nf3 Nc6 3. e4 ({8:-0.41} 3. e4 3... Nf6 4. Nc3
Bc5 5. Be3 Bxe3 6. fxe3 O-O 7. Be2 $15) ({8:-0.27} 3. Nbd2 3... Nf6 4. Nc4 Bd6
5. Nxd6+ cxd6 6. Ng5 O-O 7. f4 Nd4 8. fxe5 8... dxe5 $10) 3... Nf6 4. Be2 d5 5.
exd5 Nxd5 6. O-O Bf5 7. Nbd2 Bc5 8. Ne4 Bb6 9. Bg5 ({8:+0.33} 9. Bg5 9... f6
10. Bd2 O-O 11. Nh4 Be6 12. Bg4 12... Qe7 $14) ({8:+0.47} 9. c4 9... Nf6 10.
Nxf6+ Qxf6 11. Bg5 Qg6 12. Qd2 O-O 13. Nh4 Qe6 14. Nxf5 14... Qxf5 $14) 9... f6
10. Bd2 g5 11. a4 a6 12. h4 ({8:-0.33} 12. h4 12... g4 13. Ne1 h5 14. c4 Ndb4
15. c5 15... Ba5 $15) ({8:+0.32} 12. c4 12... Nf4 13. Bxf4 gxf4 14. Nh4 Be6 15.
Bh5+ Kd7 16. Bg4 Qe7 17. Bxe6+ 17... Qxe6 $14) 12... g4 13. Nh2 h5 14. a5 Ba7
15. Re1 O-O 16. Bh6 Re8 17. Ng3 Bg6 18. c3 Nf4 19. Qb3+ Kh7 20. Qxb7 Nxe2+ 21.
Rxe2 Qd7 22. Ne4 Bxe4 23. dxe4 Kxh6 24. Kh1 Reb8 25. Qxa6 Bxf2 26. Qc4 Nxa5 27.
Qd5 Qxd5 28. exd5 g3 29. Nf1 Nb3 30. Ra3 Rxa3 31. bxa3 Nc5 32. Rxf2 gxf2 33. g3
Rb3 34. a4 Nxa4 35. c4 e4 36. Kg2 e3 37. Nxe3 Rxe3 38. Kxf2 Rd3 39. Kg2 Nb6 40.
c5 Nxd5 41. Kf2 0-1

[Event "ICS rated blitz match"]
[Site "207.99.83.227"]
[Date "1999.04.28"]
[Round "?"]
[White "xypher"]
[Black "Hossa"]
[Result "1/2-1/2"]
[WhiteElo "2715"]
[BlackElo "2380"]
[PlyCount "174"]

1. e4 c5 2. Nf3 Nc6 3. d4 cxd4 4. Nxd4 g6 5. Nc3 Bg7 6. Be3 Nf6 7. Bc4 O-O 8.
Bb3 Ng4 9. Qxg4 Nxd4 10. Qd1 Nxb3 11. axb3 a6 12. Nd5 d6 13. c3 f5 14. Bb6 Qd7
15. Be3 Qd8 16. Bg5 Rf7 17. f3 fxe4 18. fxe4 Qf8 19. g4 Rb8 20. h4 Be5 21. h5
gxh5 22. gxh5 e6 23. Ne3 Bg3+ 24. Kd2 Rf2+ 25. Kc1 Kh8 26. Rf1 h6 27. Rg1 Bh2
28. Bh4 Bxg1 29. Qxg1 Rf4 30. Qh1 Qg7 31. Kd2 Bd7 32. Rg1 Rxh4 33. Rxg7 Rxh1
34. Rxd7 Rxh5 35. Rxd6 Re8 36. Nc4 Rh2+ 37. Ke3 Re7 38. b4 e5 39. Rb6 Rh3+ 40.
Kf2 Rf7+ 41. Ke2 Rf4 42. Nd2 Rh2+ 43. Ke3 Rf7 44. Nc4 Re7 45. b5 axb5 46. Rxb5
Rh3+ 47. Kf2 Rf7+ 48. Kg2 Rh5 49. Rxe5 Rxe5 50. Nxe5 Rg7+ 51. Kf2 h5 52. Nf3
Rg6 53. Ke3 Rb6 54. b4 Rc6 55. Kd3 Rg6 56. c4 Rg3 57. Ke3 Rg2 58. b5 Kg8 59. c5
Rc2 60. c6 Rc3+ 61. Kf4 bxc6 62. bxc6 Rxc6 63. Kg5 Rc5+ 64. Kg6 Rc3 65. Nh4 Re3
66. Kxh5 Kf7 67. Nf5 Re1 68. Kg5 Ke6 69. Nd4+ Kd6 70. Kf4 Kc5 71. Nf3 Rh1 72.
Ke3 Rh7 73. Kf4 Rf7+ 74. Ke3 Re7 75. Nd4 Kc4 76. Nf5 Re6 77. Kf4 Kd3 78. e5 Kc3
79. Ke4 Kc4 80. Nd4 Re8 81. e6 Re7 82. Ke5 Kc5 83. Nf5 Re8 84. Nd6 Re7 85. Nf5
Re8 86. Nd6 Re7 87. Nf5 87... Re8 {Game drawn by repetition} 1/2-1/2

[Event "ICS Rated blitz match"]
[Site "207.99.83.227"]
[Date "1999.04.28"]
[Round "?"]
[White "Hossa"]
[Black "xypher"]
[Result "0-1"]
[WhiteElo "2392"]
[BlackElo "2703"]
[Annotator "Crafty v16.6"]
[PlyCount "106"]

{annotating for player ossa using a scoring margin of +0.10 pawns. search time
limit is 10.00} 1. d3 1... e5 2. Nf3 Nc6 3. e4 Nf6 4. Be2 d5 5. exd5 Nxd5 6.
O-O Bf5 7. Nbd2 Be7 8. Nc4 f6 9. Nh4 Be6 10. Bh5+ g6 11. Bf3 Nd4 12. Bh6 ({
7:-0.05} 12. Bh6 12... Nxf3+ 13. Nxf3 Qd7 14. d4 Nb4 15. Ne3 O-O-O 16. dxe5
Qxd1 17. Rfxd1 Rxd1+ 18. Rxd1 18... Nxa2 $10) ({7:+0.06} 12. Re1 12... Qd7 13.
Bxd5 Bxd5 14. c3 Nb5 15. a4 15... Nd6 $10) 12... g5 13. Bh5+ Kd7 14. c3 gxh4
15. cxd4 exd4 16. Re1 Qg8 17. Bf3 b5 18. Na5 Bb4 19. Qb3 Re8 20. Re2 c5 21. Nb7
Nc7 22. Qc2 Bd5 23. Rxe8 Kxe8 24. Qe2+ Kd7 25. a3 Bxb7 26. axb4 Bxf3 27. Qxf3
Qe6 28. bxc5 Re8 29. h3 a5 30. Bg7 Nd5 31. Qh5 Kc6 32. Qxh7 Qf7 33. Qxh4 Qxg7
34. Qxd4 Re5 35. Kh1 f5 36. Rg1 Qf6 37. b3 Re2 38. Qxf6+ Nxf6 39. d4 Ne4 40.
Ra1 Nxf2+ 41. Kg1 Ne4 42. Rxa5 f4 43. Ra1 Rd2 44. Ra6+ Kd5 45. h4 Rxd4 46. c6
Rd1+ 47. Kh2 Nf2 48. g4 Ke4 49. Kg2 Ke3 50. Ra1 Rxa1 51. g5 f3+ 52. Kh2 Rh1+
53. Kg3 Rh3# 0-1